=LDR 00000nam 2200000 4500 =001 INLIS000000000038243 =005 20130612143921 =008 ***********************************Ind** =035 ##$$0010-061300000038243 =041 ##$$a Ind =082 ##$$a 641.5 =090 ##$$a 641.5, Rus r =245 ##$$a Resep lezat rawo food diet, Editor, Intarina Hardiman =260 ##$$a 2008 $b Jakarta =300 ##$$a 96 hlm, Ilus, 24 cm =650 ##$$a Masakan - Resep =700 ##$$a Hardiman, Intarina =850 ##$$a NBPNMAT